[Event "Stay Safe Play From Home 212"]
[Site "T#646677Emanuel Laske"]
[Date "2020.06.09"]
[Round "2"]
[White "Haxhi Baha"]
[Black "Trotsky"]
[Result "1-0"]
[WhiteElo "1975"]
[BlackElo "1582"]
[Annotator "TA"]
[PlyCount "59"]
[EventDate "2020.06.09"]
[EventType "swiss (blitz)"]

{[%evp 9,58,23,72,64,159,147,191,129,147,130,165,-94,275,276,270,268,277,271,270,264,379,362,367,350,346,309,304,314,364,315,321,301,741,592,731,724,1617,1697,1730,524,1189,546,1250,900,5113,2560,29984,29985,29987,29988,29999]} 1. e4 c5 2. Nf3 e6 3. d4 d5 4. exd5 exd5 5. c3 c4 6. b3 {B22: Sicilian: 2 c3.} Be6 (6... cxb3 $1 $14 7. Bb5+ (7. axb3 Nc6 $16) 7... Nc6) 7. bxc4 $16 {[#]} Nc6 $146 ({Predecessor:} 7... dxc4 8. Ne5 b5 9. a4 b4 10. Bxc4 Bxc4 11. Nxc4 bxc3 12. O-O Be7 13. Re1 Nf6 {1-0 (26) Siembab,B (2210)-Ratajczyk,R (1654) Dzierzoniow 2007}) 8. Nbd2 (8. cxd5 $18 Bxd5 9. Bd3) 8... Nf6 9. cxd5 Bxd5 10. c4 $2 ({White should try} 10. Bd3 $18) 10... Be6 $2 {[%mdl 8192] Now Black is done in.} (10... Bxf3 $1 $17 11. Nxf3 Bb4+ 12. Bd2 Bxd2+ 13. Kxd2 (13. Qxd2 Ne4 $17) 13... Nxd4 14. Nxd4 Qxd4+ {[%mdl 64] Double Attack} 15. Kc2 Qxf2+ 16. Qe2+ Qxe2+ 17. Bxe2 O-O) 11. d5 $18 Nxd5 12. cxd5 Bxd5 13. Bc4 Bxc4 14. Nxc4 Qc7 (14... Bb4+ {might work better.} 15. Bd2 Bxd2+ 16. Qxd2 Qxd2+ 17. Kxd2 O-O-O+ 18. Kc3 Rd5) 15. O-O Rd8 16. Re1+ Be7 17. Qa4 O-O 18. Bb2 f6 19. Qb3 Kh8 20. Rad1 Ne5 $2 (20... Rxd1 21. Rxd1 Rd8 22. Rxd8+ Nxd8) 21. Ncxe5 {[#] White wants to mate with Nf7+.} fxe5 22. Rxd8 Bxd8 23. Nxe5 {Nf7+! would kill now.} Bf6 24. Nf3 Qc5 25. h3 {Strongly threatening Ba3.} Bh4 {[#]} 26. Bd4 $1 Qf5 27. Nxh4 Qf4 28. Nf3 {White mates.} h5 29. Qxb7 {[%csl Gd4][%cal Rb7g7]} h4 30. Qxg7# {Accuracy: White = 53%, Black = 22%.} 1-0

[Event "Stay Safe Play From Home 212"]
[Site "T#646677Emanuel Laske"]
[Date "2020.06.09"]
[Round "2"]
[White "Emresenar"]
[Black "Lazieri3"]
[Result "0-1"]
[WhiteElo "1799"]
[BlackElo "2033"]
[Annotator "TA"]
[PlyCount "90"]
[EventDate "2020.06.09"]
[EventType "swiss (blitz)"]

{[%evp 9,90,18,79,66,95,43,55,48,79,100,70,9,155,-67,-60,-50,-47,-61,-54,-49,17,30,12,22,81,84,130,120,155,58,154,154,158,151,150,148,157,141,145,121,142,93,97,102,122,113,188,195,226,191,247,229,235,210,365,375,380,349,477,477,592,535,559,412,422,476,475,475,465,465,408,236,280,0,337,0,354,0,897,0,0,0,0]} 1. g3 c6 2. Bg2 d5 3. b3 Nf6 4. Bb2 Bf5 5. d3 {[#]} Qc8 $146 (5... e6 $11 {remains equal.}) ({Predecessor:} 5... e6 6. Nf3 h6 7. O-O Nbd7 8. Nbd2 Be7 9. a3 a5 10. Re1 Bh7 {½-½ (10) Velickovic,S (2269)-Simic,R (2351) Belgrade 2017}) 6. Nd2 $16 {A00: Irregular Openings.} Na6 7. Ngf3 (7. e4 $16 dxe4 8. dxe4) 7... Bh3 $14 8. O-O {White is slightly better.} h5 9. e4 h4 10. Bxf6 (10. Nxh4 $14 g5 11. Nf5 Bxf5 12. exf5) 10... hxg3 (10... Bxg2 $11 11. Kxg2 h3+ 12. Kh1 gxf6) 11. fxg3 $2 (11. Bxh3 $16 Qxh3 12. Be5 (12. fxg3 exf6 13. Qe2 O-O-O $11)) 11... Bxg2 $15 12. Kxg2 {Bb2 is the strong threat.} Qh3+ 13. Kg1 {Strongly threatening Bb2.} exf6 14. exd5 {Black must now prevent Qe2+.} O-O-O (14... Bc5+ $15 15. Kh1 cxd5) 15. dxc6 $1 $11 Bc5+ 16. Kh1 bxc6 (16... Qxg3 $1 $11 {keeps the balance.} 17. cxb7+ Kxb7) 17. Ne4 Bd4 18. c3 $36 {[%mdl 2048] White is in control.} Be5 {[#]} 19. Qe2 (19. Kg1 $1 $16) 19... Bc7 (19... Bxg3 $1 $14 20. Nxg3 (20. d4 Nc7 $16) 20... Qxg3) 20. d4 $16 Nb8 21. Qg2 Qxg2+ 22. Kxg2 Nd7 23. Rae1 Rhe8 24. c4 g6 25. Nfd2 f5 26. Ng5 Rxe1 27. Rxe1 Rf8 (27... Ne5 $16) 28. Ndf3 $18 Bd8 29. h4 Bxg5 (29... c5 $142 30. dxc5 Nxc5) 30. hxg5 {[%mdl 4096] Endgame KRN-KRN} Kd8 31. Ne5 Nxe5 $2 (31... Kc7 {was necessary.} 32. Nd3 Kd8) 32. Rxe5 {KR-KR} (32. dxe5 Ke7 $16) 32... Kd7 33. Kf3 Rh8 34. Ra5 Rh2 35. Rxa7+ Ke6 36. a3 Rb2 37. b4 Rc2 38. d5+ {[%mdl 64] Decoy} cxd5 39. cxd5+ Kxd5 40. Ra5+ (40. a4 $142 Rc3+ 41. Kf2) 40... Kd4 {[#] intending ...Rc3+.} 41. Ra7 $2 (41. b5 $1 $18) 41... Rc3+ $2 {[%mdl 8192]} (41... Kd5 $1 $11) 42. Kg2 $2 ({White must play} 42. Kf4 $18 {Hoping for Rd7+.} Kd5 43. b5 (43. Rxf7 Rc4+ 44. Ke3 Rc3+ 45. Kf4 Rc4+ 46. Ke3 Rc3+ 47. Kf4 $14)) 42... Ke5 $2 {[%mdl 8192]} (42... Rc2+ $11 43. Kf3 Rc3+ 44. Kf4 Kd5) 43. Rxf7 $2 ({Better is} 43. a4 $18) 43... f4 $2 {[%mdl 8192]} (43... Rxa3 $11 44. Re7+ Kd5) 44. Re7+ $2 (44. gxf4+ $18 Ke4 45. a4) 44... Kf5 $11 45. Re1 fxg3 {[%mdl 32768] Accuracy: White = 54%, Black = 43%. . Loss on time!?} 0-1

[Event "Stay Safe Play From Home 212"]
[Site "T#646677Emanuel Laske"]
[Date "2020.06.09"]
[Round "2"]
[White "Elkje"]
[Black "SoulofWolf"]
[Result "0-1"]
[WhiteElo "1520"]
[BlackElo "2205"]
[Annotator "TA"]
[PlyCount "80"]
[EventDate "2020.06.09"]
[EventType "swiss (blitz)"]

{[%evp 9,80,-21,-8,-27,0,0,45,0,36,47,121,37,42,44,89,54,78,68,48,-35,0,-30,54,-8,-5,-20,11,-27,9,0,16,0,139,60,125,85,93,116,163,140,162,135,243,203,327,224,460,172,179,177,181,32,41,14,364,358,565,541,561,503,1758,1357,29984,29985,29987,29988,29988,29989,29989,29981,29981,29975,2147]} 1. d4 e6 2. e3 c5 3. Bd3 Nf6 4. c3 b6 5. f4 Bb7 6. Nf3 {A45: Trompowsky Attack.} d6 7. Nbd2 Nbd7 8. Qe2 {[#] White is slightly better.} Qc7 $146 ({Predecessor:} 8... Be7 9. O-O O-O 10. b3 Qc7 11. Bb2 e5 12. fxe5 dxe5 13. dxe5 Nxe5 14. Nxe5 Qxe5 {0-1 (58) Girak,R (1573)-Dmitrenko,G (2144) Kiev 2010}) 9. e4 O-O-O (9... Be7 $14) 10. e5 (10. O-O $16) 10... Nd5 11. Ne4 f5 12. exd6 Bxd6 13. Nxd6+ {[%mdl 64] Discovered Attack} Qxd6 14. Ne5 (14. O-O $14) 14... Rhf8 {next ...cxd4 is good for Black.} 15. O-O h6 ({Black should play} 15... cxd4 $11 16. cxd4 Nxe5 17. fxe5 Qe7) 16. Bd2 (16. Nc4 $14 Qc6 17. Bd2) 16... Nxe5 $11 17. fxe5 Qc6 18. Rf2 g5 19. Bb5 $36 {[%mdl 2048] White is more active.} Qc7 20. a4 a6 (20... Kb8 $11 {remains equal.}) 21. Bc4 (21. Bxa6 $16 {Threatens to win with dxc5.} cxd4 22. cxd4 Bxa6 23. Qxa6+ Qb7 24. Qb5) 21... f4 (21... cxd4 $14 22. cxd4 Kb8) 22. Rc1 a5 {[#]} 23. b4 $1 {[%mdl 512]} axb4 24. cxb4 Kb8 25. bxc5 {aiming for Rb1.} bxc5 (25... f3 $16 26. gxf3 Nf4 27. Bxf4 Rxf4) 26. Bb5 g4 (26... Rc8 {was necessary.} 27. dxc5 (27. Rxc5 Qe7 $16) 27... Bc6) 27. Rxc5 Qb6 $2 (27... Qh7 28. Bc6 Bxc6) 28. Qxg4 $2 (28. a5 Qa7 29. a6) 28... Ne3 $18 {[#]} 29. Bxe3 $1 fxe3 {[#]} 30. Rxf8 (30. Rfc2 $1 $18) 30... Rxf8 $14 31. Qe2 Rg8 $2 {[%mdl 8192] Black cannot hold the game after this.} (31... Rf2 $11 {and Black stays safe.} 32. Qxe3 Rxg2+ 33. Kf1 Rxh2) 32. g3 $18 ({Less strong is} 32. Qxe3 Rxg2+ 33. Kf1 Rxh2 $11) 32... h5 (32... Rf8 {is a better defense.} 33. Qxe3 Rf3 34. Qxh6 Rb3) 33. Qxe3 h4 {[#]} 34. d5 $1 {And now Rc8+! would win.} hxg3 {[#]} (34... Rg7 $142 35. d6 Qd8) (34... Bxd5 35. Rc8+) 35. Rc8+ $1 {[%mdl 576] Discovered Attack} Kxc8 (35... Bxc8 36. Qxb6+) 36. Qxb6 {White mates.} gxh2+ 37. Kxh2 Rh8+ 38. Kg3 Bxd5 39. Qc5+ Kb8 40. Ba6 Rg8+ {[%mdl 32768] Accuracy: White = 35%, Black = 20%. . Loss on time!?} 0-1

[Event "Stay Safe Play From Home 212"]
[Site "T#646677Emanuel Laske"]
[Date "2020.06.09"]
[Round "2"]
[White "Klasman"]
[Black "Castlingarrocco"]
[Result "0-1"]
[WhiteElo "1451"]
[BlackElo "2014"]
[Annotator "TA"]
[PlyCount "56"]
[EventDate "2020.06.09"]
[EventType "swiss (blitz)"]

{[%evp 9,56,-27,-24,-22,-18,-35,20,-5,-12,-22,-14,-28,-1,-19,30,11,41,-10,-17,-22,63,52,79,73,71,96,86,51,51,14,47,29,45,0,0,-280,-58,-138,-160,-124,-129,-451,-460,-943,-915,-1440,-1405,-1290,-828]} 1. f4 d5 2. Nf3 e6 3. e3 Nf6 4. d4 Be7 5. c4 b6 6. Nc3 {D00: 1 d4 d5: Unusual lines.} Bb7 7. Bd3 Nbd7 {[#]} (7... dxc4 $15 8. Bxc4 O-O) 8. Bd2 $146 {The position is equal.} ({Predecessor:} 8. O-O O-O 9. Qe2 c5 10. e4 cxd4 11. Nxd4 Bc5 12. Be3 dxe4 13. Bc2 e5 14. Nb3 exf4 15. Bxc5 {0-1 (22) Belu,A-Mathe,K Sovata 2001}) 8... O-O 9. O-O c5 10. cxd5 exd5 11. Qe2 c4 12. Bb1 Ne4 13. Nxe4 ({White should play} 13. Bxe4 $14 dxe4 14. Ne5) 13... dxe4 $11 14. Ne5 Nxe5 (14... b5 $11) 15. fxe5 $14 f5 16. Qxc4+ Bd5 17. Qe2 Rc8 18. Qh5 g6 19. Qh3 Bc4 20. Rf2 Bg5 21. b3 Bd5 22. Bb4 $2 {[%mdl 8192] [#]} (22. b4 $11) 22... Re8 $2 ({Better is} 22... Be7 $19 23. Bxe7 Rc1+ 24. Rf1 Rxf1+ 25. Kxf1 Qxe7) 23. Bc2 (23. Bd2 $15) 23... a5 $36 {[%mdl 2048] Black has strong initiative.} 24. Ba3 Rc3 25. Bc1 $2 {[%mdl 8192] Loses the game.} (25. Re1 $17) 25... Qc7 $19 {Black is clearly winning.} 26. g4 (26. Qg3 $142 Bh6 27. Qh3) 26... Rxc2 27. gxf5 Rxf2 28. Kxf2 Qc2+ {Accuracy: White = 39%, Black = 48%.} 0-1

[Event "Stay Safe Play From Home 212"]
[Site "T#646677Emanuel Laske"]
[Date "2020.06.09"]
[Round "3"]
[White "SoulofWolf"]
[Black "XShot"]
[Result "0-1"]
[WhiteElo "2206"]
[BlackElo "2519"]
[Annotator "TA"]
[PlyCount "74"]
[EventDate "2020.06.09"]
[EventType "swiss (blitz)"]

{[%evp 9,73,18,27,-40,-6,-118,5,-119,-116,-145,-139,-539,-531,-531,-531,-531,-524,-844,-681,-675,-667,-643,-604,-777,-768,-924,-898,-1190,-1183,-1172,-1163,-1164,-1154,-1108,-1040,-1261,-1259,-1255,-1255,-1254,-1242,-1217,-1106,-1200,-1201,-1421,-1373,-29968,-29967,-29966,-29966,-29971,-29971,-29963,-9866,-29988,-29989,-29989,-29990,-29990,-29991,-29995,-29992,-29993,-29991,-29999]} 1. Nf3 c6 2. c4 d5 3. d3 Bg4 4. e3 {[#]} Bxf3 $146 ({Predecessor:} 4... Nf6 5. Be2 e6 6. Ne5 Bxe2 7. Qxe2 Bd6 8. Ng4 Nbd7 9. e4 dxe4 10. dxe4 Bb4+ 11. Bd2 Bxd2+ 12. Nxd2 {0-1 (29) Bleck,M-Schmidbauer,J Bayern 1998}) 5. Qxf3 Nf6 6. b4 {A11: English Opening: 1...c6.} ({Better is} 6. Be2 $11) 6... Nbd7 {[%cal Bb8d7,Bd7c5,Bc5b3][%mdl 32]} 7. c5 (7. a3 $11 {keeps the balance.}) 7... e6 (7... a5 $17 8. b5 Nxc5) 8. a4 {[#]} (8. d4 $1 $11) 8... a5 $1 $17 9. bxa5 Nxc5 {And now ...Nb3 would win.} 10. d4 $2 {[%mdl 8192]} (10. Qd1 $17) 10... Nb3 $19 {[%mdl 64] Double Attack} 11. Bd2 Nxa1 12. Qd1 Ne4 {...Qf6 is the strong threat.} 13. f3 Nxd2 14. Nxd2 Qxa5 {Threatens to win with ...Qc3.} 15. Qxa1 Bb4 16. Qd1 Qxa4 17. Qxa4 Rxa4 18. Kd1 Ra1+ 19. Kc2 Ra2+ 20. Kb3 Rxd2 21. Kxb4 {[%mdl 4096] Endgame KRR-KRB} Ke7 22. g3 Rd1 23. Bg2 Rxh1 24. Bxh1 {KR-KB} Ra8 25. Bg2 Kd6 26. Kb3 Ra1 27. e4 Rg1 28. e5+ Kc7 29. Bh3 Rh1 30. Bg4 Rxh2 31. f4 Rg2 (31... g6 $142 32. Kc3 Rg2 33. Bd1 Rxg3+ 34. Kb4 h5 35. Be2 h4 36. Bf1 h3 37. Bxh3 Rxh3 38. Ka5 {[#]} c5 $1 {[%mdl 512]} 39. Kb5 c4 40. Ka5 c3 41. Kb5 c2 42. Kb4 c1=Q 43. Kb5 Qc4+ {[%mdl 64] Double Attack} 44. Ka5 b6#) 32. f5 Rxg3+ {[%mdl 64] Double Attack. Black mates.} 33. Kb4 Rxg4 34. f6 g6 35. Kc5 Re4 36. Kb4 Rxd4+ 37. Kc5 Rc4# {White got outplayed after the opening. Accuracy: White = 18%, Black = 78%.} 0-1

[Event "Stay Safe Play From Home 212"]
[Site "T#646677Emanuel Laske"]
[Date "2020.06.09"]
[Round "3"]
[White "Lamborghini"]
[Black "Broken sword"]
[Result "0-1"]
[WhiteElo "2179"]
[BlackElo "2411"]
[Annotator "TA"]
[PlyCount "106"]
[EventDate "2020.06.09"]
[EventType "swiss (blitz)"]

{[%evp 9,106,82,77,38,47,45,52,19,36,25,75,61,78,50,59,45,59,37,51,45,58,5,19,5,12,0,0,0,56,42,50,49,64,59,47,34,315,36,34,0,0,-70,0,0,0,-6,0,0,0,0,0,0,60,68,80,55,61,78,425,87,354,65,54,0,0,0,0,0,0,0,0,0,0,0,0,0,0,0,0,0,0,0,0,0,0,0,0,0,0,0,0,0,0,0,29992,0,0,0,0]} 1. e4 e6 2. d4 c5 3. Nf3 a6 4. d5 exd5 5. exd5 d6 6. Nc3 {B40: Sicilian: 2...e6, Unusual lines.} Nf6 7. a4 Be7 8. Bc4 {[#] White is slightly better.} Bg4 $146 ({Predecessor:} 8... O-O 9. h3 Re8 10. O-O Nbd7 11. Re1 Nf8 12. Be3 Ng6 13. a5 Nd7 14. Bd3 b5 15. axb6 Nxb6 {½-½ (47) Dobner,A (1907)-Warzecha,H (2009) GER email 2014}) 9. h3 Bh5 10. O-O O-O 11. Bf4 Nbd7 12. Re1 Re8 13. a5 Qc7 14. g4 Bg6 15. Qd2 (15. Bd3 $14) 15... Bf8 $1 $11 16. Rxe8 Rxe8 17. Bg3 Ne4 18. Nxe4 Rxe4 (18... Bxe4 $11 19. Re1 Re7) 19. Bd3 $14 Re8 20. Bxg6 hxg6 21. c4 Nf6 22. Qd3 Re4 $2 {[%mdl 8192]} (22... Be7 $14) 23. Bh4 $2 (23. g5 $18) 23... Re8 24. Bxf6 gxf6 25. h4 (25. Kg2 $11) 25... Bg7 (25... Qd7 $15 26. Nh2 Bg7) 26. Kg2 $11 Qd7 27. Kg3 Bh6 28. Re1 Rxe1 29. Nxe1 Bg7 30. Nf3 Qe7 ({Black should play} 30... Qd8 $11) 31. h5 $1 $14 {[%cal Rh5g6]} Kh7 32. hxg6+ fxg6 33. Nh4 $1 Qf7 $2 {[%mdl 8192]} (33... Qe8 $16 {is a better chance.}) 34. f4 $2 (34. Qe4 $18 {aiming for Qe6!} f5 35. gxf5 gxf5 36. Nxf5 Qg6+ 37. Kh3) 34... Bh6 $2 {[%mdl 8192]} (34... Qe8 $16) 35. f5 $2 (35. Qe4 $18) 35... g5 36. Ng6 (36. Nf3 $14) 36... Qe8 $1 $11 37. Kf3 Qe1 38. Qe2 Qh1+ 39. Ke3 Qb1 40. Kf2 Qh1 41. Qe7+ {[%mdl 64] [#] Double Attack} Bg7 42. Nf8+ Kg8 {Threatens to win with ...Qh2+.} 43. Ne6 {[%csl Ge6][%cal Re7g7]} Qh2+ 44. Ke3 {[%csl Ge6][%cal Re7g7]} Qg3+ 45. Kd2 {[%csl Ge6][%cal Re7g7]} Qf2+ 46. Kc3 {[%csl Ge6][%cal Re7g7]} Qe3+ 47. Kc2 {[%csl Ge6][%cal Re7g7]} Qe2+ 48. Kb3 {[%csl Ge6][%cal Re7g7]} Qd3+ 49. Ka2 {[%csl Ge6][%cal Re7g7]} Qxc4+ {[%mdl 64] Double Attack} 50. Kb1 {[%csl Ge6][%cal Re7g7]} Qd3+ 51. Ka2 {[%csl Ge6][%cal Re7g7]} Qxd5+ $2 {[%mdl 8192]} (51... Qc4+ $11 52. Ka1 Qf1+ 53. Ka2 Qc4+ {[%mdl 64] Double Attack}) 52. b3 $2 (52. Ka3 {mates} Qxe6 53. fxe6 Bf8 54. Qf7+ Kh8 55. Qxf8+ {[%mdl 64] Double Attack} Kh7 56. e7 b5 57. e8=Q b4+ {[#]} 58. Ka4 $1 {[%mdl 512]} d5 59. Qh8#) 52... Qd2+ {[%mdl 64] Double Attack} 53. Ka3 {[%csl Ge6][%cal Re7g7]} Qc1+ {[%mdl 32768] Accuracy: White = 66%, Black = 69%. . Loss on time!?} 0-1

[Event "Stay Safe Play From Home 212"]
[Site "T#646677Emanuel Laske"]
[Date "2020.06.09"]
[Round "3"]
[White "Lazieri3"]
[Black "little champs"]
[Result "0-1"]
[WhiteElo "2040"]
[BlackElo "2277"]
[Annotator "TA"]
[PlyCount "106"]
[EventDate "2020.06.09"]
[EventType "swiss (blitz)"]

{[%evp 9,106,-4,0,6,0,10,2,-4,-13,-8,-5,-20,0,-20,-24,-28,-20,-143,-134,-160,-96,-91,-69,-64,-73,-64,-36,-74,-62,-73,-52,-91,-97,-109,-55,-45,-60,-64,-58,-80,-83,-72,-82,-83,-83,-112,-114,-95,-102,-197,-204,-282,-202,-197,-185,-193,-135,-195,-175,-200,-188,-580,-548,-539,-507,-855,-855,-689,-656,-29995,-658,-811,-628,-569,-562,-825,-818,-713,-660,-29989,-29990,-29993,-29990,-29990,-29990,-29994,-29992,-29992,-29992,-29994,-29993,-29994,-29995,-29995,-29996,-29997,-29997,-29997,-4827]} 1. e3 c6 2. d4 d5 3. c4 Nf6 4. cxd5 cxd5 5. Nc3 e6 6. Nf3 {D10: Slav Defence: 3 cxd5 (without early Nf3) and 3 Nc3.} Be7 7. Bd3 O-O 8. h3 {The position is equal.} a6 9. O-O b5 {[#]} 10. Ne5 $146 ({Predecessor:} 10. Bd2 Nbd7 11. Ne5 Bb7 12. Rc1 Rc8 13. Bb1 Nb6 14. a3 Nc4 15. Nxc4 dxc4 16. Qc2 {½-½ (53) Georgiev,T (2284)-Bakalov,M (1774) Sofia 2017}) 10... Bb7 11. Re1 Nbd7 12. Nxd7 Qxd7 13. e4 (13. Bd2 $11) 13... dxe4 $17 14. Nxe4 Nxe4 (14... Qxd4 $142 {[%cal Rf6e4]} 15. Nxf6+ Bxf6) 15. Bxe4 Rfd8 16. Bxb7 Qxb7 17. Be3 Rd5 18. a4 Rad8 19. axb5 axb5 20. Qb3 Bf6 21. Ra5 Qb6 (21... Bxd4 $17 22. Bxd4 Rg5) 22. Rea1 $15 h6 23. Ra6 Qc7 24. Ra7 Qc4 {Black keeps a firm grip on the game.} 25. Qxc4 bxc4 26. Rc7 Bxd4 27. Rxc4 Bxe3 28. fxe3 $17 {[%mdl 4096] Endgame KRR-KRR} Rd2 29. Rc7 (29. b4 $17 {was worth a try.}) 29... Rxb2 $19 30. Raa7 Rdd2 31. Rxf7 Rxg2+ 32. Kf1 Rg6 (32... Rg3 $19 33. h4 Rh2) 33. Rfe7 (33. Rf4 $17) 33... Rh2 34. Re8+ Kh7 35. Raa8 $2 {[#]} (35. Rf7) 35... Rf6+ 36. Kg1 Rxh3 37. Re7 (37. Rh8+ $142 Kg6 38. Ra3) 37... Rg3+ 38. Kh2 Rg5 {[#] ( -> ...Rfg6)} 39. Rae8 Rf2+ (39... Rfg6 $142 40. Rh8+ {[%mdl 64] Decoy} Kxh8 41. Re8+ Kh7 42. Rh8+ Kxh8 43. Kh3 Rh5#) 40. Kh3 Rf3+ 41. Kh2 Rxe3 42. Rxe6 Rxe6 43. Rxe6 {KR-KR} Rg6 44. Kh3 Rxe6 {KR-K. Black mates.} 45. Kh4 Re5 46. Kg4 Kg6 47. Kh4 Kf6 48. Kg3 Re4 49. Kh2 Kf5 50. Kh3 Rg4 51. Kh2 Kf4 52. Kh1 Kf3 53. Kh2 Rg3 {Accuracy: White = 48%, Black = 73%.} (53... Rh4+ $142 54. Kg1 g5 55. Kf1 Rh1#) 0-1

[Event "Stay Safe Play From Home 212"]
[Site "T#646677Emanuel Laske"]
[Date "2020.06.09"]
[Round "3"]
[White "Castlingarrocco"]
[Black "Mepe_Nika"]
[Result "0-1"]
[WhiteElo "2015"]
[BlackElo "2315"]
[Annotator "TA"]
[PlyCount "50"]
[EventDate "2020.06.09"]
[EventType "swiss (blitz)"]

{[%evp 9,49,0,-4,-12,-6,-9,0,-1,0,-13,-6,-8,0,-36,13,17,53,-16,33,-202,28,-172,-132,-339,-327,-351,-348,-478,-492,-688,-675,-688,-664,-1198,-492,-454,-420,-454,-386,-470,-454,-29999]} 1. d4 c5 2. e3 cxd4 3. exd4 d5 4. Nf3 Nc6 5. b3 Bg4 6. Bb2 {B13: Caro-Kann: Exchange Variation and Panov-Botvinnik Attack.} e6 7. Be2 Bb4+ 8. c3 {The position is equal.} Bd6 9. Nbd2 Nge7 10. O-O Ng6 11. h3 {[#]} Bxf3 $146 (11... Bf5 {is more complex.} 12. Re1 Nf4 13. Nf1 O-O 14. Ng3 Bg6) ({Predecessor:} 11... h5 12. c4 Qf6 13. cxd5 exd5 14. Re1 O-O-O 15. hxg4 hxg4 16. Ne5 g3 17. Bg4+ Kb8 18. Nxc6+ bxc6 19. fxg3 Bxg3 {0-1 (34) Rabinovich,A-Marshall,F Prague 1908}) 12. Nxf3 O-O 13. Nh2 (13. g3 $14) 13... Rc8 14. f4 $2 {[#]} (14. Re1 $14 {keeps the upper hand.}) 14... Bb8 $2 ({Don't play} 14... Bxf4 15. Bd3 $17) ({Black should play} 14... Nxf4 $19 {...Qg5! is the strong threat.} 15. Nf3 Ne7) 15. Nf3 $2 (15. g3 $11) 15... Bxf4 16. g3 $2 (16. Bd3 $17) 16... Bxg3 $19 17. Bd3 Nf4 18. Bc2 Qf6 19. Ne5 Nxe5 20. dxe5 Qxe5 21. Qg4 Qe3+ (21... f5 $142 22. Qf3 Qf6) 22. Kh1 Ng6 {aiming for ...Ne5.} 23. c4 dxc4 24. Rf3 {[#]} Qd2 $1 {[%csl Gg3][%cal Rd2h2]} 25. Rc1 (25. Rxg3 $19 Qxc2 26. Rg2) 25... Qh2# {Accuracy: White = 28%, Black = 52%.} 0-1

[Event "Stay Safe Play From Home 212"]
[Site "T#646677Emanuel Laske"]
[Date "2020.06.09"]
[Round "3"]
[White "Emresenar"]
[Black "Haxhi Baha"]
[Result "1-0"]
[WhiteElo "1792"]
[BlackElo "1978"]
[Annotator "TA"]
[PlyCount "69"]
[EventDate "2020.06.09"]
[EventType "swiss (blitz)"]

{[%evp 9,69,24,35,32,97,91,118,30,20,0,3,-6,-6,-23,12,-10,39,0,0,0,0,-141,-112,-151,-156,-180,-172,-181,-189,-478,24,33,47,-159,-128,-729,-716,-833,-3,-8,0,0,0,0,447,443,420,426,421,407,409,406,410,197,191,139,114,0,96,87,186,-1759]} 1. e4 e6 2. Nf3 d5 3. exd5 exd5 4. d4 c6 5. Bd3 Nf6 6. O-O {C01: French: Exchange Variation.} Bd6 ({Better is} 6... Be7 $14) 7. Re1+ $16 Be6 8. h3 (8. Ng5 $1 $16) 8... O-O $11 9. Bg5 h6 10. Bh4 Nbd7 {[#]} 11. Ne5 $146 ({Predecessor:} 11. c3 Qc7 12. Bxf6 Nxf6 13. Nbd2 Rfe8 14. Ne5 Re7 15. Ndf3 Rae8 16. Qc2 Bxe5 17. Nxe5 {1-0 (28) Sloka,A (1753)-Schaefer,R (1483) Duesseldorf 2009}) 11... Qc7 {[%cal Rd7e5]} 12. f4 c5 13. c3 (13. Nxd7 {is more complex.} Nxd7 14. f5 c4 15. fxe6 cxd3 16. e7) 13... cxd4 14. cxd4 Qb6 15. Nxd7 (15. Bf2 $1 $11 Qxb2 16. Nd2) 15... Bxd7 $17 16. Bxf6 gxf6 17. Bc2 Qxb2 18. Qd3 {[%csl Gc2][%cal Rd3h7]} f5 19. Nc3 $2 (19. Qc3 Qb4 20. Rd1) 19... Bb4 $2 (19... Rac8 $19 20. Qg3+ Kh8) 20. Nxd5 $11 Bxe1 21. Nf6+ $2 (21. Rb1 $1 $14 {is the one way to stay ahead.} Qxa2 22. Nf6+ Kh8 23. Nxd7) 21... Kg7 $17 22. Rxe1 $4 {[%mdl 8192]} (22. Nh5+ $17 Kh8 23. Rxe1) 22... Kxf6 $19 23. Re5 Rfe8 $2 (23... Qc1+ $19 24. Qd1 Qxf4) 24. Rxf5+ $11 Bxf5 25. Qxf5+ Ke7 26. Qe5+ Kd7 $2 {[%mdl 8192]} (26... Kf8 $11 27. Qh8+ {[%mdl 64] Double Attack} Ke7 $1 {[%mdl 512]} 28. Qe5+ Kf8 29. Qh8+ {[%mdl 64] Double Attack} Ke7 30. Qe5+) 27. Ba4+ $18 {[%mdl 64] Skewer} b5 28. Bxb5+ Qxb5 29. Qxb5+ {[%mdl 4096] Endgame KQ-KRR} Ke7 30. Qe5+ Kf8 31. Qd6+ (31. Qh8+ $142 Ke7 32. Qxh6) 31... Kg7 {[#]} 32. Qc6 (32. f5 $1 $18) 32... Rac8 $16 33. Qd6 ({White should play} 33. Qd7 $16) 33... Rc1+ (33... Ra8 $1 $11 {remains equal.}) 34. Kh2 Ree1 (34... Rc2 $16) 35. Qe5+ $4 {[%mdl 40960] Accuracy: White = 38%, Black = 51%. . Loss on time!?} (35. f5 $18) 1-0

[Event "Stay Safe Play From Home 212"]
[Site "T#646677Emanuel Laske"]
[Date "2020.06.09"]
[Round "3"]
[White "Trotsky"]
[Black "Edmatuag"]
[Result "0-1"]
[WhiteElo "1579"]
[BlackElo "1719"]
[Annotator "NA RC"]
[PlyCount "40"]
[EventDate "2020.06.09"]
[EventType "swiss (blitz)"]

1. d4 {[%emt 0:00:01]} c5 {[%emt 0:00:00]} 2. e3 {[%emt 0:00:01]} cxd4 {[%emt 0:00:01]} 3. exd4 {[%emt 0:00:01]} Nc6 {[%emt 0:00:01]} 4. c4 {[%emt 0:00:01]} d5 {[%emt 0:00:01]} 5. Be3 {[%emt 0:00:01]} dxc4 {[%emt 0:00:01]} 6. Bxc4 {[%emt 0:00:01]} e6 {[%emt 0:00:00]} 7. Nc3 {[%emt 0:00:01]} Nf6 {[%emt 0:00:01]} 8. a3 {[%emt 0:00:00]} Bd6 {[%emt 0:00:01]} 9. Nf3 {[%emt 0:00:01]} Bc7 {[%emt 0:00:01]} 10. Bd3 {[%emt 0:00:01]} a6 {[%emt 0:00:01]} 11. Qc2 {[%emt 0:00:00]} Qd6 {[%emt 0:00:01]} 12. O-O-O {[%emt 0:00:01]} b5 {[%emt 0:00:03]} 13. Kb1 {[%emt 0:00:01]} b4 {[%emt 0:00:01]} 14. Ne4 {[%emt 0:00:01]} Nxe4 {[%emt 0:00:02]} 15. Bxe4 {[%emt 0:00:01]} Bb7 {[%emt 0:00:03]} 16. d5 {[%emt 0:00:01]} Ne5 {[%emt 0:00:04]} 17. dxe6 {[%emt 0:00:02]} Qxe6 {[%emt 0:00:02]} 18. Bxb7 {[%emt 0:00:01]} bxa3 {[%emt 0:00:02]} 19. Bc6+ {[%emt 0:00:10]} Nxc6 {[%emt 0:00:05]} 20. Qxc6+ {[%emt 0:00:01]} Qxc6 {[%emt 0:00:01] Trotsky Ñäàåòñÿ (Lag: Av=0.32s, max=0.4s)} 0-1